000 00832nam a2200229 a 4500
001 000025419
005 20250509170321.0
008 110215s1981 sp a 000 0 spa d
020 _a8432993220
040 _aDO-SdBNP
_bspa
_cBNPHU
041 1 7 _aspa
_halm
082 _a370.1
_bV945c
100 1 _aVon Cube, Félix
_952023
245 1 0 _aLa ciencia de la educación :
_bposibilidades. Límites. Abuso político /
_cFélix Von Cube ; traducción María del Carmen Vicencio.
260 _aBarcelona, España :
_bCEAC,
_c1981.
300 _a192 p. :
_bil. ;
_c21 cm.
534 _aTítulo original:
_tErziehungswissenschaft
504 _aBibliografía : p. 185-190
500 _aIncluye referencias bibliográficas y notas al pie de las páginas
650 0 _aEducación
_951588
700 1 _aVicencio, María del Carmen,
_etr.
_952024
999 _c24911
_d24911